Statistics for All 50k+ Cities in the Dominican Republic with a Map

Click here to take the quiz!

General Stats

  • This quiz has been taken 279 times
  • The average score is 8 of 18

Answers on the Map

Answers color-coded by a green-red scale on the quiz's map according to % correct below.
 

Answer Stats

PopulationCity% Correct
2,581,827Santo Domingo
97%
550,753Santiago de los Caballeros
71%
224,882La Romana
51%
118,496Puerto Plata
49%
104,536La Vega
45%
185,255San Pedro de Macorís
43%
78,995Barahona
40%
132,725San Francisco de Macorís
40%
147,978Higüey
39%
71,494San Juan de la Maguana
39%
63,055Azua de Compostela
38%
138,455San Cristóbal
36%
68,602Bonao
34%
65,445Moca
34%
72,466Baní
32%
75,827Boca Chica
30%
67,117Bajos de Haina
26%
245,269Los Alcarrizos
16%

Score Distribution

Percentile by Number Answered

Percent of People with Each Score

Your Score History

You have not taken this quiz